| 000 | 00728cam a22002531 4500 | ||
|---|---|---|---|
| 001 | 9391186 | ||
| 003 | OSt | ||
| 005 | 20230621162541.0 | ||
| 008 | 751111s1961 enkac b 001 0 eng | ||
| 010 | _a 64032370 | ||
| 015 | _aGB61-19325 | ||
| 035 | _a(OCoLC)1825470 | ||
| 040 |
_aDLC _cTxWB _dOCoLC _dUk _dDLC |
||
| 042 | _apremarc | ||
| 082 |
_a328.42 _bJAM |
||
| 100 | 1 |
_aJames, Robert Rhodes, _d1933- |
|
| 245 | 1 | 3 | _aAn introduction to the House of Commons. |
| 260 |
_aLondon, _bCollins, _c1961. |
||
| 300 |
_a160 p. _billus., ports. _c22 cm. |
||
| 504 | _aBibliography: p. 147-150. | ||
| 610 | 1 | 0 |
_aGreat Britain. _bParliament. _bHouse of Commons. |
| 906 |
_a7 _bcbc _coclcrpl _du _encip _f19 _gy-gencatlg |
||
| 942 |
_2ddc _cBK |
||
| 999 |
_c2303 _d2303 |
||